| 000 | 00613nam a2200193Ii 4500 | ||
|---|---|---|---|
| 003 | JO-AjNU | ||
| 008 | 230605s9999||||xx |||||||||||||| ||und|| | ||
| 040 |
_aJO-AjNU _bara _erda _cJO-AjNU |
||
| 041 | _aara | ||
| 050 | 1 | 4 | _aTR200.M3782 |
| 100 | 3 |
_aتاليف مارديني ، سمير احسان , _eauthor _97378 |
|
| 245 | 0 | 0 | _aفن التصوير للهواة |
| 300 |
_a157ص _bصور توضيحية |
||
| 336 |
_atext _btxt _2rdacontent |
||
| 337 |
_aunmediated _bn _2rdamedia |
||
| 338 |
_avolume _bnc _2rdacarrier |
||
| 490 | 0 | _aسلسلة العلوم للهواة | |
| 650 | 4 |
_aفن التصوير _97379 |
|
| 999 |
_aA249 _c3817 _d3817 |
||